Simpsons Surname Match-Up Quiz Stats

 Plays Quiz Updated Jan 23, 2014

Support Sporcle.
Go Orange.
Score 0/30 Timer 04:00
0 Plays Today
% Correct
Simpson
96%
Simpson
95.7%
Nahasapeemapetilon
94.2%
Flanders
91.6%
Burns
90.6%
Flanders
89.9%
Krabappel
89.2%
Skinner
89.2%
Wiggum
88.9%
Bouvier
88.4%
Krustofski
88.2%
Brockman
88%
Szyslak
86.2%
Gumble
85.6%
Flanders
84.2%
% Correct
McClure
83.7%
Smithers
83.1%
Muntz
83.1%
Van Houten
81.1%
Van Houten
75.7%
Leonard
73.9%
Riviera
70.1%
Quimby
70%
Moleman
70%
McDougal
68.4%
Mann
67.2%
Spuckler
64.5%
Chalmers
55.7%
Beardly
53.8%
Abernathy
48.5%

You're not logged in!

Compare scores with friends on all Sporcle quizzes.
OR
Log In
Forgot?

From the Vault

City Names by Echo

by gazzso

You can say that again.
Remove Ads.
Support Sporcle.
Get the best of Sporcle when you Go Orange. This ad-free experience offers more features, more stats, and more fun while also helping to support Sporcle. Thank you for becoming a member.

Show Comments

Extras

Top Quizzes Today


Score Distribution

Your Account Isn't Verified!

In order to create a playlist on Sporcle, you need to verify the email address you used during registration. Go to your Sporcle Settings to finish the process.

Report this User

Report this user for behavior that violates our Community Guidelines.

Details: